000 00536nam a2200229Ia 4500
003 IT-RoPAU
008 120407s9999 xx 000 0 und d
040 _aIT-RoPAU
040 _cIT-RoPAU
041 _aita
100 _aBogdan Piwowarczyk
245 _aLa fede difficile. Saggio sullo stato spirituale dei giovani d’oggi
250 _aCinisello Balsamo
260 _aEdizioni Paoline
260 _c1990
300 _a110 p.
300 _c20 cm
490 _aPunti caldi
490 _v8
942 _cBK
999 _c24356
_d24356